| 000 | 00406pab a2200169 454500 | ||
|---|---|---|---|
| 008 | 180718b2005 xxu||||| |||| 00| 0 eng d | ||
| 100 | _aCohan, Barney | ||
| 245 | _aSmall cities, big agenda | ||
| 260 | _c2005 | ||
| 300 | _ap.244-247. | ||
| 362 | _aJun | ||
| 650 | _aUrban areas | ||
| 650 | _aUrban development | ||
| 700 | _aVilar, Kimberly | ||
| 773 | _aDevelopment and Cooperation | ||
| 909 | _a65682 | ||
| 999 |
_c65682 _d65682 |
||